Постановление ГКО СССР № 896 сс о плане производства на ноябрь и декабрь 1941 года 50-мм минометов по предприятиям г. Москвы, с ...

RUSMARC
00003583cbm0a2200253#x 450
001addc3195-3cd8-48ca-a233-0a0d89eedd5b
00520220606120951.0
100##$a20220602j19411113k###0rusy50 ca
1010#$arus
102##$aRU
105##$ay###z########
1220#$ad19411113##
2001#$aПостановление ГКО СССР № 896 сс о плане производства на ноябрь и декабрь 1941 года 50-мм минометов по предприятиям г. Москвы, с приложением графика производства 50-мм минометов и записки Берии Л. П. Сталину И. В.
$j13 ноября 1941 г.
251##$cДокумент
300##$aРассылочный и подлинный экземпляры
461#0$12001
$aФ. 644
$1251
$cФонд
$1852
$j644
462#0$12001
$aОп. 1
$1251
$cОпись
$1852
$j1
605##$2prlib_sh
$3LIBNET\UAF\0000088514
$aВторая мировая война в архивных документах (Комплекс оцифрованных архивных документов, кино- и фотоматериалов)
$lколлекция
686##$a63.3(2)622-3ю11
$vLBC/M
$2rubbk
801#0$aRU
$bТюменская ОНБ
$c20220602
801#1$aRU
$bТюменская ОНБ
$c20220602
$2rusmarc
801#2$aRU
$bПБ им. Б.Н. Ельцина
$c20220606
$2rusmarc
850##$aРоссийский государственный архив социально-политической истории
852##$aРГАСПИ
$jД. 14. Л. 87-89; Оп. 2. Д. 25. Л. 109-113
035##$aLIBNET\0001246528
937##$d176196053
$hФедеральное архивное агентство
8564#$uhttp://readingroom.main.prlib.ru/item.aspx?id_node=n176196053&mode=full
Формат отображения